[Event "ISR-chT (Women)"]
[Site "Ramat Gan"]
[Date "2023.07.07"]
[Round "2.4"]
[White "Shaul Zeidner, Lyad"]
[Black "Kochavi, Dana"]
[Result "0-1"]
[WhiteElo "1723"]
[BlackElo "2101"]
[PlyCount "116"]
[EventDate "2023.07.06"]
[EventType "team-swiss"]
[EventRounds "5"]
[EventCountry "ISR"]
[SourceTitle "CBM 215 Extra"]
[Source "ChessBase"]
[SourceDate "2023.09.30"]
[SourceVersion "1"]
[SourceVersionDate "2023.09.30"]
[SourceQuality "1"]
[WhiteTeam "Ramat Gan Nesichot Etude (W)"]
[BlackTeam "Ramat Gan Malkot Etude (W)"]
[WhiteTeamCountry "ISR"]
[BlackTeamCountry "ISR"]

1. e4 c6 2. d3 d5 3. Nd2 e5 4. Ngf3 Bd6 5. g3 Nf6 6. Bg2 0-0 7. 0-0 Re8 8. Kh1 a5 9. a4 Qb6 10. h3 Na6 11. Ng1 Nb4 12. f4 Qc5 13. d4 exd4 14. e5 Nxc2 15. Nb3 Qc4 16. Rf3 Nxa1 17. Nxa1 Bb4 18. Nb3 Bf5 19. Nxd4 Be4 20. exf6 c5 21. Nb5 Bc2 22. Qf1 Re1 23. Qxc4 dxc4 24. Rf1 Rae8 25. Nf3 Rxf1+ 26. Bxf1 Be4 27. Kg2 Bxf3+ 28. Kxf3 Re1 29. Bxc4 Rxc1 30. b3 gxf6 31. Kg4 Rg1 32. Nd6 Be1 33. Kf5 Bxg3 34. Bxf7+ Kf8 35. Bc4 b6 36. Nc8 Rd1 37. Nxb6 Rd4 38. Nd5 Kg7 39. Kg4 Bh2 40. Kf3 Kf8 41. f5 Be5 42. Ne3 Rf4+ 43. Ke2 Bd4 44. Nd5 Rxf5 45. Nc7 Ke7 46. Nb5 Be5 47. Na7 Kd7 48. Bb5+ Kc7 49. Nc6 Rh5 50. Nxa5 Rxh3 51. Bd3 Rh2+ 52. Ke3 h5 53. Nc4 h4 54. Ke4 h3 55. Bf1 Rh1 56. Ne3 Bd4 57. Nd5+ Kb7 58. Bc4 Re1+ 0-1

[Event "ISR-ch U08/18"]
[Site "Savyon"]
[Date "2022.04.08"]
[Round "2"]
[White "Shaul Zeidner, Lyad"]
[Black "Zusman, Tal"]
[Result "1/2-1/2"]
[WhiteElo "1848"]
[BlackElo "1477"]
[PlyCount "93"]
[EventDate "2022.04.06"]
[EventType "swiss"]
[EventRounds "9"]
[EventCountry "ISR"]
[SourceTitle "EXT 2023"]
[Source "ChessBase"]
[SourceDate "2022.10.05"]
[SourceVersion "1"]
[SourceVersionDate "2022.10.05"]
[SourceQuality "1"]

1. e4 c6 2. Nf3 d5 3. Nc3 Bg4 4. h3 Bxf3 5. Qxf3 e6 6. d4 dxe4 7. Qxe4 Nf6 8. Qd3 Bb4 9. Be2 Nbd7 10. 0-0 0-0 11. Qg3 Re8 12. Bf4 Nf8 13. Rad1 Ng6 14. Be5 Nd5 15. Ne4 f6 16. Bd6 Bxd6 17. Nxd6 Ndf4 18. Qa3 Nxe2+ 19. Kh1 Re7 20. Ne4 Nef4 21. Rfe1 Qd5 22. Qb4 f5 23. c4 Qd8 24. Ng3 Rd7 25. Qc3 Qh4 26. Qe3 Re7 27. Qf3 Nxh3 28. gxh3 Qxh3+ 29. Kg1 Nh4 30. Qh1 Qg4 31. Rd3 f4 32. Re4 Qg5 33. Re5 Nf5 34. Qh5 Qxh5 35. Nxh5 g5 36. d5 Rd8 37. Ra3 cxd5 38. cxd5 Kf7 39. dxe6+ Rxe6 40. Rxf5+ Kg6 41. Raa5 h6 42. Nxf4+ gxf4 43. Rxf4 Rd2 44. Rb5 b6 45. Rg4+ Kh7 46. Rf5 Rd7 47. Rgf4 1/2-1/2

[Event "ISR-ch op"]
[Site "Safed"]
[Date "2021.12.08"]
[Round "1"]
[White "Shaul Zeidner, Lyad"]
[Black "Shohat, Yotam"]
[Result "0-1"]
[WhiteElo "1775"]
[BlackElo "2325"]
[PlyCount "60"]
[EventDate "2021.12.08"]
[EventType "swiss"]
[EventRounds "9"]
[EventCountry "ISR"]
[SourceTitle "CBM 205 Extra"]
[Source "ChessBase"]
[SourceDate "2022.01.31"]
[SourceVersion "1"]
[SourceVersionDate "2022.01.31"]
[SourceQuality "1"]

1. e4 c5 2. Nf3 Nc6 3. Bb5 g6 4. 0-0 Bg7 5. c3 Nf6 6. Re1 0-0 7. d4 a6 8. Bf1 d6 9. d5 Nb8 10. a4 e6 11. Na3 exd5 12. exd5 Nbd7 13. Nc4 Nb6 14. Ne3 Bd7 15. a5 Nc8 16. Ra3 Ne7 17. g3 Re8 18. Bg2 Qc7 19. Nd2 Rad8 20. Ndc4 Bb5 21. Nb6 Nc8 22. c4 Bd7 23. Rb3 Nxb6 24. Rxb6 Bc8 25. Bd2 Ne4 26. Nc2 Nxd2 27. Qxd2 Rxe1+ 28. Nxe1 Re8 29. Nf3 Qe7 30. Qf4 Qe1+ 0-1

[Event "ISR-chT (Women)"]
[Site "Tel Aviv"]
[Date "2021.10.30"]
[Round "5.11"]
[White "Federovski, Yael"]
[Black "Shaul Zeidner, Lyad"]
[Result "0-1"]
[WhiteElo "1617"]
[BlackElo "1739"]
[PlyCount "106"]
[EventDate "2021.10.28"]
[EventType "team-swiss"]
[EventRounds "5"]
[EventCountry "ISR"]
[SourceTitle "CBM 204 Extra"]
[Source "ChessBase"]
[SourceDate "2021.11.30"]
[SourceVersion "1"]
[SourceVersionDate "2021.11.30"]
[SourceQuality "1"]
[WhiteTeam "Rishon Le Zion (W) II"]
[BlackTeam "Ramat Gan (W)"]
[WhiteTeamCountry "ISR"]
[BlackTeamCountry "ISR"]

1. e4 c5 2. Nf3 e6 3. d4 cxd4 4. Nxd4 a6 5. Nc3 Qc7 6. Qf3 Nf6 7. Bd3 Nc6 8. Nxc6 bxc6 9. Qg3 Qxg3 10. hxg3 d5 11. Bf4 Bb4 12. Be5 Ke7 13. 0-0-0 Ne8 14. a3 Bc5 15. exd5 cxd5 16. Rhe1 Bb7 17. Re2 f6 18. Bf4 Kf7 19. Na4 Ba7 20. Rde1 e5 21. Bxe5 fxe5 22. Rxe5 Bc6 23. Re7+ Kf8 24. Nc3 d4 25. Nd1 Bc5 26. R7e5 Bd6 27. Rf5+ Nf6 28. c3 Bd7 29. Ra5 Rc8 30. Rxa6 Bc5 31. b4 Be7 32. Kb2 Nd5 33. c4 Nf6 34. Ra7 Bd6 35. Kb3 Bb8 36. Ra5 Kf7 37. b5 Rhe8 38. Rxe8 Nxe8 39. Nb2 Be6 40. Ra6 Nd6 41. Ra4 Nxb5 42. Rb4 Nd6 43. Na4 Ba7 44. f3 Rc7 45. Nb2 Nb7 46. Kc2 Bd7 47. Na4 Nd6 48. Kb3 Be6 49. f4 g6 50. Nb2 Bd7 51. Na4 Nb7 52. Be2 Bc6 53. Nb2 Bc5 0-1

[Event "ISR-chT (Women)"]
[Site "Tel Aviv"]
[Date "2021.10.30"]
[Round "4.3"]
[White "Shaul Zeidner, Lyad"]
[Black "Mdivani, Maka"]
[Result "0-1"]
[WhiteElo "1739"]
[BlackElo "1938"]
[PlyCount "72"]
[EventDate "2021.10.28"]
[EventType "team-swiss"]
[EventRounds "5"]
[EventCountry "ISR"]
[SourceTitle "CBM 204 Extra"]
[Source "ChessBase"]
[SourceDate "2021.11.30"]
[SourceVersion "1"]
[SourceVersionDate "2021.11.30"]
[SourceQuality "1"]
[WhiteTeam "Ramat Gan (W)"]
[BlackTeam "Herzliya (W)"]
[WhiteTeamCountry "ISR"]
[BlackTeamCountry "ISR"]

1. e4 c5 2. Nf3 a6 3. c4 d6 4. d4 cxd4 5. Nxd4 Nf6 6. Nc3 e6 7. Be3 Be7 8. Be2 Nc6 9. 0-0 Bd7 10. Qd2 Rb8 11. a4 0-0 12. Nc2 Na5 13. Qd3 Rc8 14. Na3 Nb3 15. Rad1 Qa5 16. Bf4 Bxa4 17. Nxa4 Qxa4 18. Bxd6 Bxd6 19. Qxd6 Nxe4 20. Qf4 Nf6 21. Rd3 Nc5 22. Rg3 Ncd7 23. h4 Rc5 24. Qh6 Ne8 25. Bd3 Ndf6 26. Rxg7+ Nxg7 27. Qxf6 Qa5 28. g4 Qd8 29. Qf3 Qxh4 30. Kg2 Rg5 31. Rh1 Qxg4+ 32. Qxg4 Rxg4+ 33. Kf3 f5 34. Be2 Rd8 35. Nc2 e5 36. Ne3 e4# 0-1

[Event "World Cup U18 Girls Prel"]
[Site "Tornelo INT"]
[Date "2021.08.01"]
[Round "8"]
[White "Naicker, Kerri Anne"]
[Black "Shaul Zeidner, Lyad"]
[Result "0-1"]
[WhiteElo "1134"]
[BlackElo "1743"]
[PlyCount "112"]
[EventDate "2021.08.01"]
[EventType "swiss (rapid)"]
[EventRounds "10"]
[EventCountry "NET"]
[SourceTitle "EXT 2024"]
[Source "ChessBase"]
[SourceDate "2023.10.10"]
[SourceVersion "1"]
[SourceVersionDate "2023.10.10"]
[SourceQuality "1"]

1. c4 e5 2. Nc3 Nf6 3. Nf3 Nc6 4. g3 Bb4 5. Bg2 0-0 6. d3 Bxc3+ 7. bxc3 d6 8. 0-0 h6 9. Qc2 Re8 10. Nd2 Be6 11. Bb2 Qd7 12. Rfe1 Bh3 13. Bh1 Ng4 14. d4 exd4 15. cxd4 Qe7 16. Nf3 Nxf2 17. d5 Qe3 18. Bc1 Qc5 19. e3 Nxh1 20. Kxh1 Nb4 21. Qd2 Qxc4 22. Re2 Nxd5 23. Bb2 Qe4 24. Rf2 Qxe3 25. Qxe3 Nxe3 26. Re1 Ng4 27. Rxe8+ Rxe8 28. Bc3 Ne5 29. Re2 f6 30. Nxe5 fxe5 31. Kg1 Bd7 32. Kf2 Rf8+ 33. Ke3 Bc6 34. Kd3 Bb5+ 35. Kd2 Bxe2 36. Kxe2 Rf6 37. Ke3 Kf7 38. Ke4 Ke6 39. h4 d5+ 40. Ke3 d4+ 41. Bxd4 exd4+ 42. Kxd4 Rf2 43. Ke4 Rxa2 44. Kf4 Ra4+ 45. Kf3 Kf5 46. Ke3 Ra3+ 47. Kf2 Kg4 48. Kg2 Ra2+ 49. Kf1 Kxg3 50. Ke1 Kf3 51. Kd1 Ke3 52. Kc1 Kd3 53. Kb1 Rh2 54. Ka1 Kc3 55. Kb1 h5 56. Kc1 Rh1# 0-1

[Event "World Cup U18 Girls Prel"]
[Site "Tornelo INT"]
[Date "2021.08.01"]
[Round "3"]
[White "Shaul Zeidner, Lyad"]
[Black "Callata, Alejandra"]
[Result "1-0"]
[WhiteElo "1743"]
[BlackElo "1502"]
[PlyCount "71"]
[EventDate "2021.08.01"]
[EventType "swiss (rapid)"]
[EventRounds "10"]
[EventCountry "NET"]
[SourceTitle "EXT 2024"]
[Source "ChessBase"]
[SourceDate "2023.10.10"]
[SourceVersion "1"]
[SourceVersionDate "2023.10.10"]
[SourceQuality "1"]

1. e4 c5 2. Nf3 d6 3. Bb5+ Bd7 4. Bxd7+ Nxd7 5. 0-0 Ngf6 6. Re1 g6 7. c3 Bg7 8. d4 cxd4 9. cxd4 0-0 10. Nc3 Re8 11. Bf4 Nh5 12. Be3 a6 13. Rc1 b5 14. Nd5 Rc8 15. Rxc8 Qxc8 16. Qc1 Qb8 17. Qc6 Nhf6 18. Nxf6+ Nxf6 19. Rc1 Ng4 20. Bf4 e5 21. Bg3 Nh6 22. dxe5 Bxe5 23. Bxe5 dxe5 24. Qxa6 b4 25. Qc6 Kg7 26. h3 Re6 27. Qc7 Qxc7 28. Rxc7 Kf6 29. Kf1 Ra6 30. Rb7 Rxa2 31. Rxb4 Ra1+ 32. Ke2 Ra2 33. Rb6+ Kg7 34. Nxe5 Ra4 35. f3 Ng8 36. Rb7 1-0

[Event "World Cup U18 Girls Prel"]
[Site "Tornelo INT"]
[Date "2021.08.01"]
[Round "9"]
[White "Shaul Zeidner, Lyad"]
[Black "Vithanawasam, Oneli"]
[Result "1-0"]
[WhiteElo "1743"]
[BlackElo "1349"]
[PlyCount "165"]
[EventDate "2021.08.01"]
[EventType "swiss (rapid)"]
[EventRounds "10"]
[EventCountry "NET"]
[SourceTitle "EXT 2024"]
[Source "ChessBase"]
[SourceDate "2023.10.10"]
[SourceVersion "1"]
[SourceVersionDate "2023.10.10"]
[SourceQuality "1"]

1. e4 c6 2. Nf3 d5 3. Nc3 Bg4 4. h3 Bxf3 5. Qxf3 dxe4 6. Nxe4 Nf6 7. Bc4 e6 8. Nxf6+ Qxf6 9. Qxf6 gxf6 10. d4 Nd7 11. Be3 Bd6 12. 0-0-0 0-0-0 13. Be2 Nf8 14. g3 Ng6 15. Bh6 Rhg8 16. h4 Kb8 17. c3 Bc7 18. Bd3 Ne7 19. Be3 Nd5 20. Bd2 f5 21. Rhg1 Rde8 22. Be2 Nf6 23. Bf3 c5 24. Bg5 Nd7 25. Be3 Nb6 26. dxc5 Nc4 27. Bg5 Ne5 28. Bh5 Ng6 29. Rd7 Bd8 30. Bxd8 Rxd8 31. Rgd1 Rxd7 32. Rxd7 Rf8 33. Bxg6 hxg6 34. Kd2 Kc8 35. Rd6 Kc7 36. Rd3 b6 37. cxb6+ axb6 38. Ke3 Ra8 39. a3 Ra5 40. Kf4 f6 41. Ke3 e5 42. f3 Rc5 43. g4 f4+ 44. Ke4 Kc6 45. b3 Ra5 46. a4 Ra7 47. c4 Re7 48. Rd8 Rh7 49. Rg8 g5 50. hxg5 fxg5 51. Rxg5 Rh1 52. Kxe5 Rb1 53. Kxf4 Rxb3 54. Rg6+ Kc5 55. Kg5 Rxf3 56. Rg8 Rc3 57. Rc8+ Kb4 58. Rc6 Ka5 59. Kg6 Ra3 60. g5 Rxa4 61. Kh7 b5 62. cxb5 Kxb5 63. Rc7 Rh4+ 64. Kg7 Rg4 65. g6 Kb6 66. Rf7 Kc6 67. Rf6+ Kd7 68. Kf7 Kd8 69. g7 Kd7 70. g8Q Rxg8 71. Kxg8 Ke7 72. Kg7 Ke8 73. Rf7 Kd8 74. Kf6 Ke8 75. Ke6 Kd8 76. Re7 Kc8 77. Rd7 Kb8 78. Kd6 Kc8 79. Kc6 Kb8 80. Rc7 Ka8 81. Kb6 Kb8 82. Rc6 Ka8 83. Rc8# 1-0

[Event "ISR-ch (Women)"]
[Site "Jerusalem"]
[Date "2021.03.15"]
[Round "9"]
[White "Shaul Zeidner, Lyad"]
[Black "Gadasi, Noam"]
[Result "1/2-1/2"]
[WhiteElo "1687"]
[BlackElo "1781"]
[PlyCount "97"]
[EventDate "2021.03.07"]
[EventType "swiss"]
[EventRounds "9"]
[EventCountry "ISR"]
[SourceTitle "CBM 201 Extra"]
[Source "ChessBase"]
[SourceDate "2021.05.31"]
[SourceVersion "1"]
[SourceVersionDate "2021.05.31"]
[SourceQuality "1"]

1. e4 c5 2. Nf3 d6 3. Bb5+ Bd7 4. Bxd7+ Qxd7 5. 0-0 Nc6 6. Re1 Nf6 7. c3 e6 8. d4 cxd4 9. cxd4 d5 10. e5 Ne4 11. Nbd2 Nxd2 12. Bxd2 Be7 13. Rc1 0-0 14. a3 a5 15. Qe2 a4 16. Rc2 Rfc8 17. Rec1 Na7 18. Qd3 Rxc2 19. Rxc2 Rc8 20. g3 Rxc2 21. Qxc2 Qc6 22. Qxc6 Nxc6 23. Kf1 Kf8 24. Ke2 f6 25. Kd3 h6 26. exf6 Bxf6 27. h4 h5 28. Bc3 Ke7 29. Ke3 Kf7 30. Kf4 Be7 31. Ne5+ Ke8 32. Nxc6 bxc6 33. Bb4 Bf6 34. Bc5 Kd7 35. Ke3 e5 36. Kd3 exd4 37. f3 Be5 38. g4 hxg4 39. fxg4 Bf6 40. g5 Be5 41. h5 Bf4 42. Bf8 Bxg5 43. Bxg7 Ke6 44. Bxd4 Kf5 45. Kc3 Be7 46. b3 axb3 47. Kxb3 Bxa3 48. Kxa3 Kg5 49. Kb4 1/2-1/2

[Event "ISR-ch (Women)"]
[Site "Jerusalem"]
[Date "2021.03.12"]
[Round "6"]
[White "Shaul Zeidner, Lyad"]
[Black "Haitovich, Avital"]
[Result "0-1"]
[WhiteElo "1687"]
[BlackElo "1981"]
[PlyCount "72"]
[EventDate "2021.03.07"]
[EventType "swiss"]
[EventRounds "9"]
[EventCountry "ISR"]
[SourceTitle "CBM 201 Extra"]
[Source "ChessBase"]
[SourceDate "2021.05.31"]
[SourceVersion "1"]
[SourceVersionDate "2021.05.31"]
[SourceQuality "1"]

1. e4 c5 2. Nf3 d6 3. Bb5+ Nc6 4. Bxc6+ bxc6 5. 0-0 Bg4 6. Re1 e6 7. c3 Be7 8. Na3 Nf6 9. Nc2 d5 10. exd5 cxd5 11. Ne3 Bxf3 12. Qxf3 0-0 13. d3 d4 14. Nc4 dxc3 15. bxc3 Nd5 16. Bd2 Bf6 17. Ne5 Qc7 18. Bf4 Nxf4 19. Qxf4 Rfd8 20. d4 Rd5 21. Rad1 Rad8 22. Nd3 Qxf4 23. Nxf4 R5d7 24. d5 Bxc3 25. Re3 Bd4 26. Ra3 e5 27. Nh3 c4 28. Kf1 Rxd5 29. Ke2 a5 30. Ng5 Bb2 31. Rxd5 Rxd5 32. Rf3 f6 33. Ne4 Rd4 34. Nc5 c3 35. Rd3 c2 36. Kd2 c1Q+ 0-1

[Event "Wch FIDE Online U16 Girls Europe qual"]
[Site "Tornelo INT"]
[Date "2020.12.09"]
[Round "7"]
[White "Bondareva, Daria"]
[Black "Shaul Zeidner, Lyad"]
[Result "1-0"]
[WhiteElo "1850"]
[BlackElo "1442"]
[PlyCount "69"]
[EventDate "2020.12.07"]
[EventType "swiss (rapid)"]
[EventRounds "7"]
[EventCountry "ISS"]
[SourceTitle "EXT 2022"]
[Source "ChessBase"]
[SourceDate "2021.10.06"]
[SourceVersion "1"]
[SourceVersionDate "2021.10.06"]
[SourceQuality "1"]

1. e4 c5 2. d4 cxd4 3. c3 dxc3 4. Nxc3 Nc6 5. Nf3 g6 6. Bc4 Bg7 7. 0-0 d6 8. Bf4 Bg4 9. Bxf7+ Kf8 10. Bc4 Nf6 11. h3 Bxf3 12. Qxf3 Nd4 13. Qd3 e5 14. Be3 Nd7 15. b4 a6 16. f4 Ke8 17. f5 gxf5 18. Nd5 f4 19. Bxd4 exd4 20. Qd1 Nf6 21. Nxf4 Qe7 22. Ne6 Rc8 23. Nxg7+ Qxg7 24. Bd5 Rf8 25. Qe2 Rg8 26. Rad1 d3 27. Rxd3 Kd7 28. Bxg8 Rxg8 29. e5 Ne8 30. e6+ Ke7 31. Rf7+ Qxf7 32. exf7+ Kxf7 33. Rf3+ Nf6 34. Qc4+ Kg7 35. Rxf6 1-0

[Event "Wch FIDE Online U16 Girls Europe qual"]
[Site "Tornelo INT"]
[Date "2020.12.08"]
[Round "4"]
[White "Ziegenfuss, Antonia"]
[Black "Shaul Zeidner, Lyad"]
[Result "1-0"]
[WhiteElo "2101"]
[BlackElo "1442"]
[PlyCount "47"]
[EventDate "2020.12.07"]
[EventType "swiss (rapid)"]
[EventRounds "7"]
[EventCountry "ISS"]
[SourceTitle "EXT 2022"]
[Source "ChessBase"]
[SourceDate "2021.10.06"]
[SourceVersion "1"]
[SourceVersionDate "2021.10.06"]
[SourceQuality "1"]

1. d4 Nf6 2. c4 e6 3. Nc3 Bb4 4. f3 0-0 5. a3 Bxc3+ 6. bxc3 d5 7. cxd5 exd5 8. e3 Re8 9. Bd3 c5 10. Ne2 c4 11. Bc2 Nc6 12. 0-0 Qd6 13. Ng3 Be6 14. e4 dxe4 15. fxe4 Bg4 16. Qd2 Rad8 17. Qf2 Qe7 18. Bg5 Rd6 19. e5 Nxe5 20. dxe5 Qxe5 21. Rae1 Qb5 22. Ne4 Rde6 23. Bxf6 gxf6 24. Nxf6+ 1-0

[Event "EU-ch U16 Girls"]
[Site "Bratislava"]
[Date "2019.08.07"]
[Round "6"]
[White "Shaul Zeidner, Lyad"]
[Black "Filippova, Margarita"]
[Result "0-1"]
[WhiteElo "1630"]
[BlackElo "2044"]
[PlyCount "74"]
[EventDate "2019.08.02"]
[EventType "swiss"]
[EventRounds "9"]
[EventCountry "SVK"]
[SourceTitle "CBM 191 Extra"]
[Source "ChessBase"]
[SourceDate "2019.09.30"]
[SourceVersion "1"]
[SourceVersionDate "2019.09.30"]
[SourceQuality "1"]

1. e4 e5 2. Bc4 Nf6 3. d3 Bc5 4. Nc3 c6 5. Nf3 d6 6. h3 0-0 7. Bg5 a5 8. a4 Be6 9. Bxe6 fxe6 10. 0-0 Nbd7 11. Ne2 Qe8 12. Qd2 d5 13. Bxf6 Rxf6 14. Ng3 Qg6 15. Kh2 Bb6 16. c3 Raf8 17. Qe2 d4 18. c4 Qh6 19. Kg1 Rf4 20. Qd2 Qg6 21. Kh2 h5 22. Ne2 Rxf3 23. gxf3 Rxf3 24. Ng1 Rf8 25. f3 h4 26. Qg2 Qh6 27. Rad1 Bd8 28. Ne2 Bg5 29. Kh1 Be3 30. Qh2 Rf6 31. Rb1 Qh5 32. Ng1 Nc5 33. Qe2 Rg6 34. Qd1 Rg3 35. Kh2 Qg5 36. Ne2 Bf4 37. Nxf4 Qxf4 0-1

[Event "EU-ch U16 Girls"]
[Site "Bratislava"]
[Date "2019.08.05"]
[Round "4"]
[White "Shaul Zeidner, Lyad"]
[Black "Vanduyfhuys, Daria"]
[Result "0-1"]
[WhiteElo "1630"]
[BlackElo "2160"]
[PlyCount "82"]
[EventDate "2019.08.02"]
[EventType "swiss"]
[EventRounds "9"]
[EventCountry "SVK"]
[SourceTitle "CBM 191 Extra"]
[Source "ChessBase"]
[SourceDate "2019.09.30"]
[SourceVersion "1"]
[SourceVersionDate "2019.09.30"]
[SourceQuality "1"]

1. e4 c5 2. d4 cxd4 3. c3 dxc3 4. Nxc3 Nc6 5. Nf3 e6 6. a3 Nge7 7. Bc4 a6 8. 0-0 Ng6 9. Qe2 Be7 10. Rd1 0-0 11. Be3 b5 12. Ba2 d6 13. Nd4 Nxd4 14. Bxd4 Bb7 15. f3 Rc8 16. Qf2 Bg5 17. g3 e5 18. Bb6 Qd7 19. h4 Bd8 20. Be3 h6 21. h5 Ne7 22. g4 Nc6 23. Kh2 Na5 24. g5 Bxg5 25. Rg1 Bxe3 26. Qxe3 Kh7 27. Rg4 Nc4 28. Qe2 Qe7 29. Rag1 Rg8 30. Qg2 Qf6 31. Nd1 Rc5 32. Bxc4 bxc4 33. Ne3 Bc8 34. Nf5 g6 35. hxg6+ fxg6 36. Qg3 Bxf5 37. exf5 Qxf5 38. Qh4 Rc7 39. Qf2 Rf7 40. Qe2 Qxf3 41. Qxc4 Rf4 0-1

[Event "EU-ch U16 Girls"]
[Site "Bratislava"]
[Date "2019.08.04"]
[Round "3"]
[White "Shaul Zeidner, Lyad"]
[Black "Diez, Ambre"]
[Result "1/2-1/2"]
[WhiteElo "1630"]
[BlackElo "1908"]
[PlyCount "105"]
[EventDate "2019.08.02"]
[EventType "swiss"]
[EventRounds "9"]
[EventCountry "SVK"]
[SourceTitle "CBM 191 Extra"]
[Source "ChessBase"]
[SourceDate "2019.09.30"]
[SourceVersion "1"]
[SourceVersionDate "2019.09.30"]
[SourceQuality "1"]

1. e4 e5 2. Bc4 Nf6 3. d3 Nc6 4. Nc3 Na5 5. Bb3 Be7 6. Nf3 d6 7. h3 c6 8. Bxf7+ Kxf7 9. b4 Rf8 10. Bd2 Kg8 11. bxa5 Qe8 12. 0-0 Nh5 13. Kh2 Nf4 14. Bxf4 Rxf4 15. Rg1 Bd8 16. Ne2 Rf6 17. Qd2 Bxh3 18. gxh3 Rxf3 19. Ng3 Bh4 20. Nh1 Qf7 21. Rg2 Rf8 22. Rf1 Qe6 23. Rg4 R8f4 24. Kg2 Rxg4+ 25. Kxf3 Rg6 26. Qb4 Qxh3+ 27. Ke2 Qg4+ 28. Ke1 Qd7 29. Ng3 Bxg3 30. fxg3 Re6 31. a6 b6 32. a4 h6 33. a5 b5 34. c4 Kh7 35. cxb5 cxb5 36. Qb3 Re7 37. Rf5 Qc6 38. Rf7 Rxf7 39. Qxf7 Qxa6 40. Qf5+ Kg8 41. Qe6+ Kh8 42. Qe8+ Kh7 43. Qd8 b4 44. Ke2 b3 45. Qb8 Qxa5 46. Qxb3 Qc5 47. Kf3 a5 48. Kg4 Qc8+ 49. Kf3 Qd7 50. Qa3 a4 51. Kg2 Kg6 52. Kf3 Kf6 53. Ke3 1/2-1/2

[Event "EU-ch U16 Girls"]
[Site "Bratislava"]
[Date "2019.08.03"]
[Round "2"]
[White "Fock, Amina"]
[Black "Shaul Zeidner, Lyad"]
[Result "0-1"]
[WhiteElo "1817"]
[BlackElo "1630"]
[PlyCount "72"]
[EventDate "2019.08.02"]
[EventType "swiss"]
[EventRounds "9"]
[EventCountry "SVK"]
[SourceTitle "CBM 191 Extra"]
[Source "ChessBase"]
[SourceDate "2019.09.30"]
[SourceVersion "1"]
[SourceVersionDate "2019.09.30"]
[SourceQuality "1"]

1. e4 c5 2. Nc3 e6 3. Nge2 a6 4. g3 b5 5. Bg2 Bb7 6. 0-0 g6 7. d4 Bg7 8. dxc5 Ne7 9. Be3 f5 10. Qc1 h6 11. Rd1 Nbc6 12. Nd4 Nxd4 13. Bxd4 Bxd4 14. Rxd4 Rc8 15. b4 Nc6 16. Rd2 Qf6 17. Qb2 Ne5 18. Re2 fxe4 19. Qc1 Nf3+ 20. Bxf3 Qxf3 21. Re3 Qf5 22. Qe1 0-0 23. Rd1 Rf7 24. Nxe4 Bxe4 25. Rxe4 Rcf8 26. Rd2 h5 27. Qe3 Rf6 28. Rf4 Qg5 29. Rxf6 Qxf6 30. Rxd7 Qa1+ 31. Kg2 Qxa2 32. Re7 Qd5+ 33. f3 Rf6 34. Qe4 Qd2+ 35. Kh3 Kf8 36. Rxe6 Qd7 0-1